000 01204nam a22003857a 4500
001 0010387
003 KOHA_MİRAKIL
005 20260207001742.0
007 ta
008 110602b2000 tu |||gr||||#||||0|tur |
020 _a9756983140
_c0,01
040 _aTR-BiSEU
_btur
_cTR-BiSEU
_erda
041 0 _atur
044 _ctu
050 _aTK7871
_b.A45 2000
100 1 _aAllahverdiyev, Zakir.
245 1 _aElektroteknik malzemeleri/
_cZakir Allahverdiyev ; Zakir Allahverdiyev.
264 1 _aTrabzon :
_bKaradeniz Teknik Üniversitesi
_c2000
300 _a424 sayfa; 24 cm.
336 _ametin
_btxt
_2rdacontent
337 _aaracısız
_bn
_2rdamedia
338 _acilt
_bnc
_2rdacarrier
490 1 _aKaradeniz Teknik Üniversitesi yayın ;
_vno.
490 1 _a198.
490 1 _aMühendislik- Mimarlık Fakültesi yayın ;
_vno.
490 1 _a58.
500 _aKaynakça var.
650 0 _aElektrik özellikleri.
_925503
650 0 _aElectrical properties.
_925504
830 1 _aKaradeniz Teknik Üniversitesi yayın ;
_vno.
_925382
830 1 _a198.
_925505
830 1 _aMühendislik- Mimarlık Fakültesi yayın ;
_vno.
_925383
830 1 _a58.
_97783
942 _2lcc
_cBK
999 _c10359
_d10359